[Event "TUR-ch rapid"]
[Site "Datca"]
[Date "2011.08.21"]
[Round "6"]
[White "Dogan, Mehmet Rustu"]
[Black "Buker, Muhittin"]
[Result "0-1"]
[WhiteElo "1855"]
[BlackElo "2073"]
[PlyCount "31"]
[EventDate "2011.08.19"]
[EventType "swiss (rapid)"]
[EventRounds "7"]
[EventCountry "TUR"]
[SourceTitle "CBM 144 Extra"]
[Source "ChessBase"]
[SourceDate "2011.10.28"]
[SourceVersion "1"]
[SourceVersionDate "2011.10.28"]
[SourceQuality "1"]

1. e4 e6 2. d4 d5 3. Nd2 c5 4. exd5 exd5 5. Ndf3 Bg4 6. Be2 Nf6 7. c3 Bd6 8. Bg5 Nbd7 9. Ne5 Bxe2 10. Qxe2 0-0 11. Nxd7 Qxd7 12. Bxf6 Rfe8 13. Be5 cxd4 14. cxd4 Bb4+ 15. Kf1 f6 16. Nf3 0-1

[Event "TUR-ch rapid"]
[Site "Datca"]
[Date "2011.08.20"]
[Round "4"]
[White "Dogan, Mehmet Rustu"]
[Black "Demir, Bilal"]
[Result "1-0"]
[WhiteElo "1855"]
[BlackElo "2174"]
[PlyCount "79"]
[EventDate "2011.08.19"]
[EventType "swiss (rapid)"]
[EventRounds "7"]
[EventCountry "TUR"]
[SourceTitle "CBM 144 Extra"]
[Source "ChessBase"]
[SourceDate "2011.10.28"]
[SourceVersion "1"]
[SourceVersionDate "2011.10.28"]
[SourceQuality "1"]

1. e4 d6 2. d4 Nf6 3. Nc3 Nbd7 4. Bc4 e5 5. Nf3 Be7 6. 0-0 0-0 7. Qe2 c6 8. a4 h6 9. h3 Qc7 10. Bb3 exd4 11. Nxd4 Nc5 12. Bf4 Nxb3 13. Nxb3 Re8 14. Rad1 Be6 15. Nd4 Bf8 16. e5 Nd5 17. Nxe6 fxe6 18. Nxd5 exd5 19. e6 Re7 20. Rd3 Rae8 21. Re3 d4 22. Re4 c5 23. Bg3 Qc6 24. Re1 d5 25. Re5 g6 26. Qg4 Kh7 27. f4 Bg7 28. f5 g5 29. R5e2 Rf8 30. h4 Bf6 31. hxg5 Bxg5 32. Bf4 Rg7 33. Bxg5 Rxg5 34. e7 Re8 35. Qf3 Qf6 36. Re5 Rg7 37. Re6 Qg5 38. f6 Rf7 39. R1e5 Qg6 40. Rxd5 1-0